00281nam a2200109Ia 4500003000400000008004100004040001600045082001800061245004800079300001100127490003300138GCL140319s9999 xx 000 0 ara d aGCL / cGCL04a813.01bع ن10aالنمل الاسود : قصص قصيرة a120 ص aالكتاب الماسىv0